[Event "Skakthing Reykjavikur"]
[Site "Reykjavik"]
[Date "2017.01.22"]
[Round "5"]
[White "Ptacnikova, Lenka"]
[Black "Ragnarsson, Dagur"]
[Result "1/2-1/2"]
[WhiteElo "2210"]
[BlackElo "2276"]
[PlyCount "73"]
[EventDate "2017.01.08"]
[EventType "swiss"]
[EventRounds "9"]
[EventCountry "ISL"]

1. e4 e6 2. d4 d5 3. Nd2 Be7 4. Bd3 c5 5. dxc5 Nf6 6. Qe2 a5 7. Ngf3 O-O 8. O-O
Na6 9. e5 Nd7 10. c3 Naxc5 11. Bb5 Qc7 12. Nb3 f6 13. Bxd7 Bxd7 14. exf6 gxf6
15. Nxc5 Bxc5 16. Be3 Kh8 17. Bxc5 Qxc5 18. Rfe1 Rg8 19. Qe3 Qd6 20. g3 b5 21.
Rad1 e5 22. Nh4 Rg5 23. Rd2 Bc6 24. Red1 Bb7 25. Ng2 Qd7 26. Qb6 Ra6 27. Qc5
Rg8 28. Ne3 Rc8 29. Qa3 b4 30. Qb3 bxc3 31. bxc3 a4 32. Qb4 Rd6 33. Nf5 Re6 34.
Ne3 Rd6 35. Nf5 Re6 36. Ne3 Rd6 37. Nf5 1/2-1/2

[Event "Skakthing Reykjavikur"]
[Site "Reykjavik"]
[Date "2017.01.22"]
[Round "5"]
[White "Kjartansson, Gudmundur"]
[Black "Gislason, Gudmundur"]
[Result "1-0"]
[WhiteElo "2468"]
[BlackElo "2332"]
[PlyCount "63"]
[EventDate "2017.01.08"]
[EventType "swiss"]
[EventRounds "9"]
[EventCountry "ISL"]

1. e4 c5 2. Nf3 e6 3. d4 cxd4 4. Nxd4 a6 5. c4 Nf6 6. Nc3 Qc7 7. Be3 Be7 8. Be2
O-O 9. O-O d6 10. Rc1 Re8 11. b4 Bd7 12. f3 b6 13. a4 Qb7 14. b5 e5 15. Nc2 Be6
16. Nd5 Bxd5 17. cxd5 a5 18. Na3 Nfd7 19. Rc6 Nc5 20. Bxc5 bxc5 21. Nc4 Rd8 22.
Qd2 h6 23. f4 exf4 24. Qxf4 Bg5 25. Nxd6 Qd7 26. Qxf7+ Qxf7 27. Nxf7 Nxc6 28.
dxc6 Be3+ 29. Kh1 Rd2 30. b6 Rxe2 31. b7 Rf8 32. g3 1-0

[Event "Skakthing Reykjavikur"]
[Site "Reykjavik"]
[Date "2017.01.22"]
[Round "5"]
[White "Johannesson, Orn Leo"]
[Black "Arnarsson, Hrannar"]
[Result "1-0"]
[WhiteElo "2212"]
[BlackElo "2066"]
[PlyCount "111"]
[EventDate "2017.01.08"]
[EventType "swiss"]
[EventRounds "9"]
[EventCountry "ISL"]

1. e4 e6 2. d4 d5 3. Nd2 dxe4 4. Nxe4 Nd7 5. Nf3 Ngf6 6. Bd3 Nxe4 7. Bxe4 Nf6
8. Bd3 c5 9. O-O cxd4 10. Nxd4 Bc5 11. Be3 Bxd4 12. Bxd4 Bd7 13. c4 Bc6 14. Bc3
Qc7 15. Qe2 O-O 16. Bxf6 gxf6 17. Qh5 f5 18. Rfe1 Qf4 19. Re3 h6 20. Rae1 Kg7
21. b4 b6 22. Rg3+ Kf6 23. Rh3 Qg5 24. Qxh6+ Qxh6 25. Rxh6+ Kg5 26. Rh3 Rad8
27. Rg3+ Kf6 28. h4 Rh8 29. Rh3 Rd4 30. h5 Kg5 31. Be2 f4 32. Rd1 Rxd1+ 33.
Bxd1 Be4 34. Rc3 Rd8 35. Rc1 Rd4 36. a3 Rd3 37. a4 Rd8 38. c5 Rc8 39. Kh2 e5
40. Be2 f6 41. g4 fxg3+ 42. fxg3 Rd8 43. Rd1 Rc8 44. cxb6 Rc2 45. Re1 axb6 46.
Kg1 Rb2 47. a5 Rxb4 48. a6 Rb2 49. Kf2 Ra2 50. Ke3 f5 51. Rc1 Ra3+ 52. Kf2 Ra2
53. Ke1 Bc2 54. Bc4 Rb2 55. Bd5 Bd3 56. a7 1-0

[Event "Skakthing Reykjavikur"]
[Site "Reykjavik"]
[Date "2017.01.22"]
[Round "5"]
[White "Jonasson, Benedikt"]
[Black "Viglundsson, Bjorgvin"]
[Result "0-1"]
[WhiteElo "2208"]
[BlackElo "2185"]
[PlyCount "96"]
[EventDate "2017.01.08"]
[EventType "swiss"]
[EventRounds "9"]
[EventCountry "ISL"]

1. e4 e6 2. d4 d5 3. Nc3 Bb4 4. e5 c5 5. a3 Bxc3+ 6. bxc3 Ne7 7. Nf3 b6 8. Bb5+
Bd7 9. Bd3 c4 10. Bf1 Ba4 11. h4 h6 12. g3 Nbc6 13. h5 Kd7 14. Rh4 Qg8 15. Rf4
Rf8 16. Bh3 Qh7 17. Ra2 Kc7 18. Kf1 Nd8 19. Ne1 f5 20. exf6 gxf6 21. Qf3 Qg7
22. Ng2 e5 23. Rg4 Qf7 24. dxe5 fxe5 25. Qxf7 Rxf7 26. Kg1 Bd7 27. Rh4 Bxh3 28.
Rxh3 Ne6 29. f4 exf4 30. Bxf4+ Nxf4 31. Nxf4 Rg8 32. Kh2 Kd6 33. Ra1 Rf5 34.
Rf1 Re5 35. Rf2 Rgg5 36. Kg2 Nf5 37. Re2 Rxe2+ 38. Nxe2 Ne3+ 39. Kf3 Nxc2 40.
g4 Ke5 41. Rh1 Rg8 42. Rc1 Rf8+ 43. Kg3 Ne3 44. Nd4 Ke4 45. Re1 Kd3 46. Rxe3+
Kxe3 47. Nf5+ Ke4 48. Nxh6 d4 0-1

[Event "Skakthing Reykjavikur"]
[Site "Reykjavik"]
[Date "2017.01.22"]
[Round "5"]
[White "Birkisson, Bardur Orn"]
[Black "Omarsson, Dadi"]
[Result "0-1"]
[WhiteElo "2175"]
[BlackElo "2197"]
[PlyCount "106"]
[EventDate "2017.01.08"]
[EventType "swiss"]
[EventRounds "9"]
[EventCountry "ISL"]

1. Nf3 Nf6 2. g3 g6 3. Bg2 Bg7 4. O-O O-O 5. c4 d6 6. Nc3 e5 7. d4 Nbd7 8. b3
Re8 9. Bb2 c6 10. e3 e4 11. Nd2 d5 12. Rc1 Nf8 13. h3 Ne6 14. b4 Ng5 15. h4 Bg4
16. hxg5 Bxd1 17. gxf6 Bf8 18. Rfxd1 Bxb4 19. cxd5 cxd5 20. Bh3 Bxc3 21. Rxc3
Qxf6 22. Ba3 h5 23. Rb1 h4 24. Rc7 b6 25. Rbc1 hxg3 26. fxg3 Qg5 27. Nf1 f5 28.
Bd6 Rad8 29. Bf4 Qh5 30. R1c6 Rf8 31. Rxa7 Rf7 32. Rxf7 Kxf7 33. Bg2 Ra8 34.
Rxb6 Rxa2 35. Rb7+ Ke6 36. Rb6+ Kd7 37. Rb7+ Kc6 38. Rc7+ Kb6 39. Rg7 Kb5 40.
Rc7 g5 41. Rc5+ Ka6 42. Bxg5 Qxg5 43. Rxd5 Qg4 44. Rc5 Qe2 45. Bh3 Qf2+ 46. Kh1
Ra1 47. Rxf5 Qxf5 48. Bxf5 Rxf1+ 49. Kg2 Rxf5 50. Kh3 Kb5 51. g4 Rf3+ 52. Kg2
Kc4 53. g5 Rf5 0-1

[Event "Skakthing Reykjavikur"]
[Site "Reykjavik"]
[Date "2017.01.22"]
[Round "5"]
[White "Jonsson, Gauti Pall"]
[Black "Olafsson, Thorvadur F"]
[Result "1-0"]
[WhiteElo "2036"]
[BlackElo "2188"]
[PlyCount "107"]
[EventDate "2017.01.08"]
[EventType "swiss"]
[EventRounds "9"]
[EventCountry "ISL"]

1. e4 e5 2. d4 exd4 3. Nf3 Qe7 4. Bd3 Nc6 5. O-O d6 6. c3 Bg4 7. Bb5 Bxf3 8.
Qxf3 Qf6 9. Qxf6 Nxf6 10. cxd4 O-O-O 11. Bxc6 bxc6 12. Nc3 d5 13. e5 Ne4 14. f3
Nxc3 15. bxc3 c5 16. Be3 c4 17. Rab1 Kd7 18. Rb7 Kc6 19. Rfb1 Ra8 20. Bf4 Ba3
21. g4 Rhc8 22. h4 a5 23. R1b5 Ra6 24. Kf2 Rf8 25. Ke2 Rc8 26. Kd2 Ra7 27. Rb8
Ra8 28. Rxc8 Rxc8 29. Rxa5 Be7 30. a4 Rb8 31. Kc2 Ba3 32. Bc1 Bxc1 33. Kxc1 Rb3
34. Rc5+ Kd7 35. Rxd5+ Ke6 36. Rc5 Rxc3+ 37. Kb2 Rb3+ 38. Kc2 Rxf3 39. Rxc4 Kd5
40. Rxc7 Kxd4 41. a5 Kxe5 42. a6 Ra3 43. a7 Kf4 44. Rxf7+ Kxg4 45. Rxg7+ Kxh4
46. Rxh7+ Kg5 47. Kb2 Ra6 48. Kb3 Kg6 49. Rc7 Kf5 50. Kb4 Ke5 51. Rc5+ Kd6 52.
Ra5 Rb6+ 53. Ka4 Kc7 54. a8=N+ 1-0

[Event "Skakthing Reykjavikur"]
[Site "Reykjavik"]
[Date "2017.01.22"]
[Round "5"]
[White "Fridjonsson, Julius"]
[Black "Thorsteinsson, Hilmar"]
[Result "1-0"]
[WhiteElo "2145"]
[BlackElo "1840"]
[PlyCount "79"]
[EventDate "2017.01.08"]
[EventType "swiss"]
[EventRounds "9"]
[EventCountry "ISL"]

1. c4 e5 2. Nc3 Nf6 3. g3 d5 4. cxd5 Nxd5 5. Bg2 Nb6 6. Nf3 Nc6 7. O-O Be7 8.
d3 O-O 9. a3 Be6 10. b4 a6 11. Be3 Nd5 12. Nxd5 Bxd5 13. Rc1 Rc8 14. Bc5 Bxc5
15. Rxc5 Qd6 16. e3 a5 17. Qb1 axb4 18. axb4 b6 19. Rxd5 Qxd5 20. Nd4 Qd6 21.
Nxc6 f5 22. d4 e4 23. Rc1 g5 24. b5 Rf6 25. Ne5 Kg7 26. Rc6 Qe7 27. Qc2 h5 28.
h3 Re6 29. Bf1 Rf6 30. g4 hxg4 31. hxg4 f4 32. Qxe4 Rh8 33. Qc2 Rc8 34. e4 Re6
35. Qc4 Rf6 36. Bd3 f3 37. Qc1 Rf4 38. Kh2 Qd8 39. Rg6+ Kh7 40. Kg3 1-0

[Event "Skakthing Reykjavikur"]
[Site "Reykjavik"]
[Date "2017.01.22"]
[Round "5"]
[White "Gudmarsson, Olafur"]
[Black "Ingvason, Johann"]
[Result "0-1"]
[WhiteElo "1739"]
[BlackElo "2124"]
[PlyCount "50"]
[EventDate "2017.01.08"]
[EventType "swiss"]
[EventRounds "9"]
[EventCountry "ISL"]

1. d4 d5 2. Bf4 Nf6 3. Nf3 e6 4. e3 Be7 5. Bd3 c5 6. c3 Qb6 7. Qc1 Nbd7 8. h3
Nh5 9. Bh2 g6 10. b3 Bd6 11. Bxd6 Qxd6 12. Qa3 b6 13. Bb5 O-O 14. Nbd2 a6 15.
e4 dxe4 16. Nc4 axb5 17. Qxa8 bxc4 18. Qxe4 Nhf6 19. Qe3 Ba6 20. Rd1 cxb3 21.
dxc5 Qxc5 22. axb3 Nd5 23. Qxc5 Nxc5 24. c4 Nf4 25. g3 Bb7 0-1

[Event "Skakthing Reykjavikur"]
[Site "Reykjavik"]
[Date "2017.01.22"]
[Round "5"]
[White "Mai, Aron Thor"]
[Black "Hannesson, Sigurdur Orn"]
[Result "1/2-1/2"]
[WhiteElo "1965"]
[BlackElo "1632"]
[PlyCount "78"]
[EventDate "2017.01.08"]
[EventType "swiss"]
[EventRounds "9"]
[EventCountry "ISL"]

1. Nf3 d5 2. g3 Nf6 3. Bg2 g6 4. O-O Bg7 5. d3 O-O 6. Nbd2 c6 7. c3 a5 8. e4
dxe4 9. dxe4 Nbd7 10. Re1 Nc5 11. Qe2 Qd3 12. Nd4 Qxe2 13. Rxe2 Nd3 14. Nc4
Nxc1 15. Rxc1 Nd7 16. a4 Ne5 17. Nxe5 Bxe5 18. f4 Bc7 19. e5 Bb6 20. Kf1 Bxd4
21. cxd4 Be6 22. Rc3 Rfd8 23. Rd2 Bd5 24. Bxd5 Rxd5 25. Ke2 e6 26. Rc5 Rc8 27.
Ke3 Kf8 28. Rdc2 Ke7 29. Rxd5 exd5 30. h3 Ke6 31. g4 f5 32. g5 h5 33. Kd3 Rc7
34. h4 Rc8 35. Rc3 Rc7 36. Ke3 Rc8 37. Kd2 b6 38. Rb3 Rb8 39. Kc2 Rb7 1/2-1/2

[Event "Skakthing Reykjavikur"]
[Site "Reykjavik"]
[Date "2017.01.22"]
[Round "5"]
[White "Birkisson, Bjorn Holm"]
[Black "Jonatansson, Sigurdur Freyr"]
[Result "1-0"]
[WhiteElo "1979"]
[BlackElo "1632"]
[PlyCount "69"]
[EventDate "2017.01.08"]
[EventType "swiss"]
[EventRounds "9"]
[EventCountry "ISL"]

1. e4 c5 2. Nf3 e6 3. d4 cxd4 4. Nxd4 a6 5. c4 Qc7 6. Nc3 Bb4 7. Bd2 Nf6 8. Nc2
Bxc3 9. Bxc3 e5 10. Bd3 O-O 11. O-O Nc6 12. Ne3 d6 13. Rc1 Ne7 14. b4 Be6 15.
Nd5 Bxd5 16. cxd5 Qd7 17. a4 b5 18. axb5 axb5 19. Qe2 Ng6 20. g3 Qh3 21. Bxb5
Ra3 22. f3 Rb8 23. Bc6 h5 24. b5 h4 25. Qg2 Qc8 26. Bb4 Rba8 27. Bxa8 Qxa8 28.
Bxa3 Qxa3 29. b6 Qe3+ 30. Qf2 Qg5 31. b7 Nd7 32. Rc7 Nf4 33. Kh1 Nd3 34. Qg2
Qe3 35. Rxd7 1-0

[Event "Skakthing Reykjavikur"]
[Site "Reykjavik"]
[Date "2017.01.22"]
[Round "5"]
[White "Einarsson, Oskar Long"]
[Black "Fivelstad, Jon Olav"]
[Result "0-1"]
[WhiteElo "1671"]
[BlackElo "1920"]
[PlyCount "130"]
[EventDate "2017.01.08"]
[EventType "swiss"]
[EventRounds "9"]
[EventCountry "ISL"]

1. e4 d6 2. d4 Nf6 3. Nc3 g6 4. h3 Bg7 5. Be3 O-O 6. Nf3 c6 7. Be2 Qc7 8. Qd2
Nbd7 9. O-O e5 10. Bh6 b5 11. a3 a6 12. Rfe1 Re8 13. Bxg7 Kxg7 14. Rad1 Bb7 15.
dxe5 dxe5 16. Qd6 Qb6 17. Qd2 h6 18. Bf1 Nf8 19. Qe3 Qc7 20. Qc5 Qe7 21. Qxe7
Rxe7 22. Rd6 a5 23. b3 Rd7 24. Rxd7 N8xd7 25. Rd1 Kf8 26. Nd2 Nc5 27. f3 Ke7
28. Kf2 Nfd7 29. Ne2 Ne6 30. c4 b4 31. a4 Ndc5 32. Nc1 h5 33. Nd3 Rd8 34. Nxc5
Nxc5 35. Be2 h4 36. Ke3 Ne6 37. Nf1 Rxd1 38. Bxd1 Nf4 39. Kf2 Kd6 40. Ne3 Bc8
41. Be2 Kc5 42. Nc2 Be6 43. Bf1 Nh5 44. Ke3 f5 45. Bd3 Nf4 46. Ne1 Kd6 47. exf5
Bxf5 48. Be4 Ne6 49. Nd3 Nd4 50. Nc1 Kc5 51. Nd3+ Kd6 52. Nc1 Ne6 53. Nd3 Nd4
54. Nc1 c5 55. Kd3 Ke6 56. Ke3 Kf6 57. f4 Nc2+ 58. Bxc2 Bxc2 59. fxe5+ Kxe5 60.
Nd3+ Bxd3 61. Kxd3 Kf4 62. Ke2 Ke4 63. Kd2 Kd4 64. Kc2 Ke3 65. Kd1 Kd3 0-1

[Event "Skakthing Reykjavikur"]
[Site "Reykjavik"]
[Date "2017.01.22"]
[Round "5"]
[White "Vignisson, Ingvar Egill"]
[Black "Eliasson, Kristjan Orn"]
[Result "1/2-1/2"]
[WhiteElo "1652"]
[BlackElo "1900"]
[PlyCount "124"]
[EventDate "2017.01.08"]
[EventType "swiss"]
[EventRounds "9"]
[EventCountry "ISL"]

1. e4 d6 2. d4 g6 3. Nc3 c6 4. Bc4 Bg7 5. Qf3 e6 6. Nge2 Nd7 7. a4 c5 8. dxc5
Ne5 9. Bb5+ Bd7 10. Bxd7+ Qxd7 11. Qe3 Nf6 12. cxd6 O-O 13. O-O Qxd6 14. Qd4
Qb8 15. Rd1 Nfg4 16. Qd6 Qc8 17. h3 Nc4 18. Qd7 Nge5 19. Qxc8 Raxc8 20. b3 Na5
21. Ba3 Rfe8 22. f4 Nec6 23. Rac1 a6 24. e5 g5 25. Ne4 gxf4 26. Nd6 Bf8 27. b4
Nxe5 28. bxa5 f3 29. gxf3 Nxf3+ 30. Kf2 Ne5 31. Nxe8 Bxa3 32. Nf6+ Kg7 33. Nh5+
Kh6 34. Nef4 Bxc1 35. Rxc1 Nc4 36. Ng3 Nxa5 37. Nd3 f6 38. Ne4 f5 39. Nd6 Rc7
40. Kf3 Nc6 41. Kf4 Nd4 42. Ke5 Ne2 43. Rb1 b5 44. axb5 axb5 45. Ne1 Rc3 46.
Rxb5 Re3+ 47. Kf6 Nf4 48. Re5 Rxh3 49. c4 Rg3 50. Nxf5+ exf5 51. Kxf5 Ng6 52.
Re4 Rg5+ 53. Ke6 Nf8+ 54. Kd6 Rg6+ 55. Ke7 Kg7 56. c5 Rc6 57. Nd3 h5 58. Re1
Rc7+ 59. Ke8 Rc8+ 60. Ke7 Rc7+ 61. Ke8 Rc8+ 62. Ke7 Rc7+ 1/2-1/2

[Event "Skakthing Reykjavikur"]
[Site "Reykjavik"]
[Date "2017.01.22"]
[Round "5"]
[White "Briem, Hedinn"]
[Black "Jonsson, Olafur Gisli"]
[Result "1-0"]
[WhiteElo "1576"]
[BlackElo "1865"]
[PlyCount "53"]
[EventDate "2017.01.08"]
[EventType "swiss"]
[EventRounds "9"]
[EventCountry "ISL"]

1. d4 d5 2. Nf3 Nf6 3. Bg5 e6 4. e3 c5 5. c3 Nc6 6. Nbd2 Be7 7. Bd3 O-O 8. O-O
b6 9. Rc1 Bb7 10. Ne5 h6 11. Bxf6 Bxf6 12. f4 cxd4 13. exd4 g6 14. Rf3 Ne7 15.
Rh3 Kg7 16. Qg4 Rc8 17. Nf1 Nf5 18. Ng3 Bxe5 19. Nh5+ Kg8 20. fxe5 Kh7 21. Nf6+
Kg7 22. Bxf5 exf5 23. Rxh6 Rh8 24. Rxh8 Qxh8 25. Qg5 Rd8 26. Rf1 Rf8 27. Rf3
1-0

[Event "Skakthing Reykjavikur"]
[Site "Reykjavik"]
[Date "2017.01.22"]
[Round "5"]
[White "Antonsson, Atli"]
[Black "Jonasson, Hordur"]
[Result "1-0"]
[WhiteElo "1857"]
[BlackElo "1528"]
[PlyCount "61"]
[EventDate "2017.01.08"]
[EventType "swiss"]
[EventRounds "9"]
[EventCountry "ISL"]

1. e4 c6 2. d4 d5 3. exd5 cxd5 4. c4 Nf6 5. Nc3 e6 6. Bg5 Be7 7. Nf3 Nc6 8. c5
a6 9. Na4 Nh5 10. Be3 Qc7 11. Nb6 Ra7 12. Bd3 Bd7 13. Qd2 f5 14. Bg5 Qd8 15.
Bxe7 Qxe7 16. O-O O-O 17. Rfe1 Qd8 18. Rad1 Nf6 19. Qf4 Ne4 20. h4 Bc8 21. Bb1
a5 22. Ne5 Qc7 23. f3 Nf6 24. Ng6 Qxf4 25. Nxf4 Re8 26. Nxc8 Rxc8 27. Rxe6 Raa8
28. Bxf5 Re8 29. g4 Rxe6 30. Bxe6+ Kf8 31. g5 1-0

[Event "Skakthing Reykjavikur"]
[Site "Reykjavik"]
[Date "2017.01.22"]
[Round "5"]
[White "Omarsson, Adam"]
[Black "Mai, Alexander Oliver"]
[Result "0-1"]
[WhiteElo "1070"]
[BlackElo "1837"]
[PlyCount "56"]
[EventDate "2017.01.08"]
[EventType "swiss"]
[EventRounds "9"]
[EventCountry "ISL"]

1. d4 Nf6 2. c4 e6 3. Nc3 Bb4 4. Bg5 h6 5. a3 Bxc3+ 6. bxc3 hxg5 7. Nf3 g4 8.
Ne5 d6 9. Nd3 Nbd7 10. g3 c5 11. Bg2 Qa5 12. O-O cxd4 13. cxd4 Qh5 14. f3 Qxh2+
15. Kf2 Nh5 16. Ke1 Qxg2 17. Rf2 Qg1+ 18. Rf1 Qxg3+ 19. Kd2 gxf3 20. Rxf3 Qg5+
21. Kc2 b6 22. Rc1 Qa5 23. Nb4 Qa4+ 24. Kd2 Qxd1+ 25. Rxd1 Bb7 26. Rh3 O-O-O
27. Rc3 Nhf6 28. Rdc1 Ne4+ 0-1

[Event "Skakthing Reykjavikur"]
[Site "Reykjavik"]
[Date "2017.01.22"]
[Round "5"]
[White "Briem, Stephan"]
[Black "Sigurvaldason, Hjalmar"]
[Result "1-0"]
[WhiteElo "1803"]
[BlackElo "1464"]
[PlyCount "67"]
[EventDate "2017.01.08"]
[EventType "swiss"]
[EventRounds "9"]
[EventCountry "ISL"]

1. d4 d5 2. c4 e6 3. Nc3 Nf6 4. cxd5 exd5 5. Bg5 Be7 6. Qc2 c6 7. e3 h6 8. Bh4
Nh5 9. Bxe7 Kxe7 10. Nf3 Nf6 11. Bd3 Re8 12. O-O Kf8 13. Ne5 Kg8 14. Rae1 Nbd7
15. f4 Nf8 16. Rf3 Re7 17. h3 N6d7 18. Qf2 f6 19. Ng4 Nb6 20. Qh4 Bxg4 21. hxg4
Qe8 22. g5 fxg5 23. fxg5 hxg5 24. Qxg5 Rd8 25. Ref1 Ne6 26. Qh4 g5 27. Qh6 g4
28. Rf6 Nf8 29. Rxf8+ Qxf8 30. Rxf8+ Rxf8 31. Qg5+ Rg7 32. Qh5 Nd7 33. Bf5 g3
34. Be6+ 1-0

[Event "Skakthing Reykjavikur"]
[Site "Reykjavik"]
[Date "2017.01.22"]
[Round "5"]
[White "Gardarsson, Halldor"]
[Black "Kristofersson"]
[Result "1-0"]
[WhiteElo "1783"]
[BlackElo "1207"]
[PlyCount "61"]
[EventDate "2017.01.08"]
[EventType "swiss"]
[EventRounds "9"]
[EventCountry "ISL"]

1. d4 Nf6 2. c4 g6 3. Nc3 Bg7 4. e4 d6 5. Be2 O-O 6. Nf3 Nc6 7. Bg5 e5 8. dxe5
dxe5 9. Qxd8 Rxd8 10. Nd5 Rd6 11. Bxf6 Bxf6 12. c5 Rxd5 13. exd5 Nb4 14. O-O
Nxd5 15. Bc4 Nf4 16. Rfe1 Ne6 17. Nxe5 Nxc5 18. Bxf7+ Kg7 19. Bc4 Bf5 20. g4
Be4 21. f4 g5 22. Rad1 Bxe5 23. fxe5 a5 24. Rxe4 Nxe4 25. Rd7+ Kf8 26. Rxh7 Ra7
27. Rxc7 Nd2 28. Bd5 Ra8 29. Rf7+ Ke8 30. Rf2 Nb1 31. Be4 1-0

[Event "Skakthing Reykjavikur"]
[Site "Reykjavik"]
[Date "2017.01.22"]
[Round "5"]
[White "Baldursson, Atli Mar"]
[Black "Ragnarsson, Heimir Pall"]
[Result "1-0"]
[WhiteElo "1226"]
[BlackElo "1695"]
[PlyCount "87"]
[EventDate "2017.01.08"]
[EventType "swiss"]
[EventRounds "9"]
[EventCountry "ISL"]

1. e4 c5 2. Nc3 d6 3. g3 Nf6 4. Bg2 Nbd7 5. d3 b6 6. Be3 Bb7 7. Qd2 h5 8. h3 g6
9. Nge2 Bg7 10. f4 Qc7 11. O-O e5 12. f5 gxf5 13. Rxf5 O-O-O 14. Nb5 Qb8 15. c4
Rdg8 16. a4 a6 17. Nbc3 h4 18. g4 Nxg4 19. hxg4 h3 20. Bf3 Kc7 21. Nd5+ Bxd5
22. cxd5 Bf6 23. Bg5 Qd8 24. Bxf6 Nxf6 25. Kh2 Nxg4+ 26. Bxg4 Rxg4 27. Rg1 Rg2+
28. Rxg2 hxg2+ 29. Kxg2 Qh4 30. Kf1 Qh1+ 31. Ng1 Rg8 32. Rg5 Qh6 33. Nf3 Rh8
34. Rg1 Qf6 35. Ke2 Rh3 36. Rf1 Rg3 37. Qe3 Qg6 38. Rg1 Rxg1 39. Qxg1 Qh6 40.
Qg5 Qf8 41. Qf6 b5 42. a5 Kb8 43. Ng5 Qg8 44. Qxd6+ 1-0

[Event "Skakthing Reykjavikur"]
[Site "Reykjavik"]
[Date "2017.01.22"]
[Round "5"]
[White "Kristbergsson, Bjorgvin"]
[Black "Magnusson, Thorsteinn"]
[Result "0-1"]
[WhiteElo "1071"]
[BlackElo "1383"]
[PlyCount "94"]
[EventDate "2017.01.08"]
[EventType "swiss"]
[EventRounds "9"]
[EventCountry "ISL"]

1. c4 c6 2. Nc3 Nf6 3. e4 e5 4. a3 d5 5. cxd5 cxd5 6. Bb5+ Bd7 7. exd5 Nxd5 8.
Qa4 Nxc3 9. bxc3 Bc5 10. Nh3 O-O 11. Bxd7 Nxd7 12. Bb2 e4 13. O-O Nf6 14. Qd1
Re8 15. c4 Qb6 16. Bxf6 Qxf6 17. Qg4 Rad8 18. Ra2 Rd4 19. Qe2 Rd3 20. g3 Rxa3
21. Rxa3 Bxa3 22. Nf4 h6 23. d3 Bd6 24. Nd5 Qd4 25. Qg4 Be5 26. Qd7 Rb8 27.
dxe4 Qxc4 28. Ne7+ Kh8 29. Qf5 Bf6 30. Nd5 Qd4 31. Kg2 a5 32. f4 a4 33. Nxf6
Qxf6 34. Qa5 Qd4 35. e5 b5 36. Qc7 Qd5+ 37. Rf3 Ra8 38. Qc1 a3 39. Kf2 Qd4+ 40.
Kg2 a2 41. Ra3 Rxa3 42. Qxa3 a1=Q 43. Qf8+ Kh7 44. Qxf7 Qdb2+ 45. Kh3 Qf1+ 46.
Kh4 Qxh2+ 47. Kg4 Qhh3# 0-1

[Event "Skakthing Reykjavikur"]
[Site "Reykjavik"]
[Date "2017.01.22"]
[Round "5"]
[White "Olafsson, Arni"]
[Black "Hjaltason, Elvar Orn"]
[Result "0-1"]
[WhiteElo "1224"]
[BlackElo "1709"]
[PlyCount "72"]
[EventDate "2017.01.08"]
[EventType "swiss"]
[EventRounds "9"]
[EventCountry "ISL"]

1. e4 e6 2. Nf3 d5 3. exd5 exd5 4. d4 c6 5. c3 Bg4 6. Be2 Bxf3 7. Bxf3 Nf6 8.
Bf4 Bd6 9. Qe2+ Be7 10. O-O O-O 11. Re1 Bd6 12. Bxd6 Qxd6 13. Qe7 Qxe7 14. Rxe7
Nbd7 15. Nd2 Rfe8 16. Rae1 Rxe7 17. Rxe7 Kf8 18. Re1 Re8 19. Kf1 Rxe1+ 20. Kxe1
Ke7 21. Bd1 h6 22. Ke2 Kd6 23. b4 Ne8 24. Ke3 b6 25. Bg4 Ndf6 26. Be2 Nc7 27.
f4 Ne6 28. h3 c5 29. Nf3 Ne4 30. bxc5+ bxc5 31. c4 Nc3 32. dxc5+ Kxc5 33. cxd5
Nxd5+ 34. Kf2 Nexf4 35. Bd1 Nc3 36. Bb3 f6 0-1

[Event "Skakthing Reykjavikur"]
[Site "Reykjavik"]
[Date "2017.01.22"]
[Round "5"]
[White "Kristjansson, Halldor"]
[Black "Thrastarson, Tryggvi K"]
[Result "1-0"]
[WhiteElo "1560"]
[BlackElo "1353"]
[PlyCount "101"]
[EventDate "2017.01.08"]
[EventType "swiss"]
[EventRounds "9"]
[EventCountry "ISL"]

1. e4 e5 2. Nf3 Nc6 3. Bb5 a6 4. Ba4 Nf6 5. O-O d6 6. Re1 Be7 7. h3 Bd7 8. d4
exd4 9. Nxd4 Nxd4 10. Qxd4 Bxa4 11. Qxa4+ Qd7 12. Qb3 O-O-O 13. Nc3 Qe6 14.
Qxe6+ fxe6 15. e5 dxe5 16. Rxe5 Rd6 17. Bf4 Nd7 18. Re2 e5 19. Bxe5 Nxe5 20.
Rxe5 Bf6 21. Re2 Bxc3 22. bxc3 g6 23. Kf1 b6 24. Ke1 Rhd8 25. a4 a5 26. h4 Rc6
27. Re3 Rcd6 28. Re2 Rd5 29. f3 Rh5 30. g3 Rf5 31. Kf2 h5 32. Rae1 g5 33. hxg5
Rxg5 34. Re8 Rgd5 35. Rxd8+ Rxd8 36. f4 Rd2+ 37. Re2 Rxe2+ 38. Kxe2 Kd7 39. Kd3
Ke6 40. c4 c6 41. Ke4 b5 42. cxb5 cxb5 43. axb5 a4 44. b6 Kd6 45. Kd3 a3 46.
Kc3 a2 47. Kb2 a1=Q+ 48. Kxa1 Kc6 49. f5 Kxb6 50. f6 Kc7 51. f7 1-0

[Event "Skakthing Reykjavikur"]
[Site "Reykjavik"]
[Date "2017.01.22"]
[Round "5"]
[White "Thorisson, Bjartur"]
[Black "Heidarsson, Arnar"]
[Result "0-1"]
[WhiteElo "1010"]
[BlackElo "1376"]
[PlyCount "60"]
[EventDate "2017.01.08"]
[EventType "swiss"]
[EventRounds "9"]
[EventCountry "ISL"]

1. e4 e5 2. Nf3 Nc6 3. Nc3 Nf6 4. Bc4 Bc5 5. O-O O-O 6. d3 h6 7. Be3 Bb6 8. Nd5
d6 9. Qd2 Bxe3 10. fxe3 a6 11. Rf2 Re8 12. Raf1 b5 13. Bb3 a5 14. a4 Ng4 15.
Re2 b4 16. c4 bxc3 17. bxc3 Be6 18. d4 Bxd5 19. Bxd5 Qd7 20. h3 Nf6 21. Ref2
exd4 22. cxd4 Nxe4 23. Bxe4 Rxe4 24. d5 Nb4 25. Nd4 Rae8 26. Rf3 Qxa4 27. Qb2
Rxe3 28. R3f2 Nd3 29. Qd2 Qxd4 30. Rf5 Re2+ 0-1